Comportamiento del flujo bidimensional ante estructuras hidráulicas
Gorde:
| Egile nagusia: | |
|---|---|
| Beste egile batzuk: | , |
| Formatua: | Liburua |
| Argitaratua: |
San José, Costa Rica
1998
|
| Gaiak: | |
| Etiketak: |
Etiketa erantsi
Etiketarik gabe, Izan zaitez lehena erregistro honi etiketa jartzen!
|
MARC
| LEADER | 00000nam a2200000Ia 4500 | ||
|---|---|---|---|
| 003 | 008471 | ||
| 005 | 20231120141421.0 | ||
| 008 | 140114s1998 cr a m 000 ||s d | ||
| 040 | |c cru CEDI | ||
| 090 | |a TFG 3843 | ||
| 100 | |a Miley Rojas, George Petrie, 1975- |9 1799 | ||
| 245 | |a Comportamiento del flujo bidimensional ante estructuras hidráulicas | ||
| 260 | |a San José, Costa Rica |c 1998 | ||
| 300 | |a 89 hojas : ilustraciones | ||
| 500 | |a Proyecto de graduación(licenciatura en ingeniería civil)--Universidad de Costa Rica. Facultad de Ingeniería. Escuela de Ingeniería Civil | ||
| 501 | |a Director del Proyecto de Graduación: Ing. Rafael Oreamuno Vega | ||
| 650 | |x DINAMICA DE FLUIDOS |x ESTRUCTURAS HIDRAULICAS |x INUNDACIONES |9 9086 | ||
| 700 | |a Vargas Corrales, Camilo José, 1975- |9 1798 | ||
| 700 | |a Oreamuno Vega, Rafael Alfredo, 1956- |d Director del TFG |9 158 | ||
| 942 | |c TFG |h TFG 3843 |i 008471 |6 TFG_3843_008471000000000 | ||
| 999 | |c 18668 |d 18668 | ||
